Foods beginning with "L" - Statistics

General Stats
  • This quiz has been taken 70 times
  • The average score is 6 of 8
Answer Stats
Picture Answer % Correct
Lime
100%
Lemon
97%
Lamb
91%
Lychee
78%
Lollipop
75%
Legs
52%
Linguini
45%
Liverwurst
14%
No matching quizzes found
Score Distribution
Percent of People with Each Score
Percentile by Number Answered
Your Score History
You have not taken this quiz